[Event "TCh-FIN 2003-4"]
[Site "Finland FIN"]
[Date "2003.11.16"]
[Round "5"]
[White "Alava,M"]
[Black "Fieandt,J"]
[Result "1/2-1/2"]
[WhiteElo "2203"]
[BlackElo "2181"]

1.e4 c5 2.Nf3 d6 3.d4 cxd4 4.Nxd4 Nf6 5.Nc3 a6 6.Be3 e5 7.Nb3 Be6 8.f4 Ng4
9.Bd2 exf4 10.Bxf4 Nc6 11.Qd2 Be7 12.O-O-O O-O 13.Nd5 Bxd5 14.exd5 Nce5 15.Kb1 Ng6
16.Bd3 Nxf4 17.Qxf4 Ne5 18.h4 Bf6 19.g4 Nxd3 20.Rxd3 Be5 21.Qf2 Rc8 22.Rf1 Rc4
23.g5 f6 24.Rf3 Re8 25.Rg1 fxg5 26.hxg5 Rf8 27.g6 hxg6 28.Rxg6 Rxf3 29.Qxf3 Rf4
30.Qh3 Qe8 31.Rg1 Bf6 32.Nc1 Rh4 33.Qf1 Bd4 34.Rh1 Rxh1 35.Qxh1 Qe5 36.Nd3 Qe3
37.a3 Qg1+ 38.Qxg1 Bxg1 39.Kc1 Kf7 40.Kd2 Kf6 41.Ke2 Kf5 42.Kf3 g5 43.c4 Bd4
44.b4 b6 45.a4 a5 46.bxa5 bxa5 47.Nc1 g4+ 48.Kg3 Be5+ 49.Kg2 Bc3 50.Nb3 Be1
51.c5 dxc5 52.Nxc5 Bb4 53.Nb7 Ke5 54.Kg3 Kxd5 55.Nxa5 Bxa5  1/2-1/2

[Event "ch-IND A Women"]
[Site "Calicut IND"]
[Date "2003.11.18"]
[Round "15"]
[White "Ramaswamy,A"]
[Black "Koneru,C"]
[Result "1-0"]
[WhiteElo "2322"]
[BlackElo "2139"]

1.e4 c5 2.Nf3 d6 3.d4 cxd4 4.Nxd4 Nf6 5.Nc3 a6 6.Be3 e5 7.Nb3 Be6 8.f3 h5
9.Qd2 Nbd7 10.O-O-O Be7 11.g3 Qc7 12.Kb1 Rc8 13.Qf2 b5 14.Nd5 Bxd5 15.exd5 e4
16.Bh3 exf3 17.Nd4 Ng4 18.Qxf3 Nde5 19.Qe4 O-O 20.Bxg4 Nxg4 21.h3 Nf6 22.Qg2 Qc4
23.Nf5 Rfe8 24.Rd4 Qc7 25.g4 h4 26.c3 Nh7 27.g5 Qd7 28.Rf1 Qd8 29.g6 Ng5
30.gxf7+  1-0

[Event "TCh-SLO"]
[Site "Celje SLO"]
[Date "2003.11.21"]
[Round "7"]
[White "Justin,M"]
[Black "Vombek,D"]
[Result "1/2-1/2"]
[WhiteElo "2379"]
[BlackElo "2326"]

1.e4 c5 2.Nf3 d6 3.d4 cxd4 4.Nxd4 Nf6 5.Nc3 a6 6.Be3 e5 7.Nb3 Be6 8.Qd2 Be7
9.f3 O-O 10.g4 Qc7 11.g5 Nh5 12.O-O-O Nd7 13.h4 Rfb8 14.Bh3 Nb6 15.Bxb6 Qxb6
16.Nd5 Bxd5 17.exd5 a5 18.Kb1 Nf4 19.a3 a4 20.Nc1 Ra5 21.c4 Rc5 22.Bf1 g6
23.Nd3 Rcc8 24.c5 Qb3 25.Nxf4 exf4 26.cxd6 Bxd6 27.Qd3 Qb6 28.Rh2  1/2-1/2

[Event "Fakel Jamala"]
[Site "Noyabrsk RUS"]
[Date "2003.11.25"]
[Round "8"]
[White "Kuznetsov,Vi2"]
[Black "Kovchan,A"]
[Result "1/2-1/2"]
[WhiteElo "2367"]
[BlackElo "2561"]

1.e4 c5 2.Nf3 d6 3.d4 cxd4 4.Nxd4 Nf6 5.Nc3 a6 6.Be3 e5 7.Nb3 Be6 8.f3 h5
9.Qd2 Nbd7 10.O-O-O Rc8 11.Kb1 Be7 12.Rg1 b5 13.Nd5 Bxd5 14.exd5 Nb6 15.Bxb6 Qxb6
16.Bd3 g6 17.Rge1 Nd7 18.Na5 Bf6 19.Nc6 O-O 20.g4 hxg4 21.fxg4 Rce8 22.h4 Nc5
23.h5 e4 24.hxg6 fxg6 25.Qh6 Qc7 26.Bxe4 Qg7 27.Qxg7+ Kxg7 28.Bd3 Rxe1 29.Rxe1 Rh8
30.a3 Rh2 31.Re2 Rh1+ 32.Ka2 Rg1 33.Rd2 Rxg4 34.c3 Bg5 35.Rd1 Rg2  1/2-1/2

[Event "VIII Mirko Srajber Mem"]
[Site "Subotica SCG"]
[Date "2003.11.28"]
[Round "1"]
[White "Colovic,A"]
[Black "Popovic,Du"]
[Result "0-1"]
[WhiteElo "2412"]
[BlackElo "2448"]

1.e4 c5 2.Nc3 d6 3.Nge2 Nf6 4.d4 cxd4 5.Nxd4 a6 6.Be3 e5 7.Nb3 Be6 8.Qd2 Be7
9.f3 O-O 10.O-O-O Qc7 11.g4 Re8 12.Qf2 Nbd7 13.h4 b5 14.g5 Nh5 15.Bh3 Reb8
16.Bg4 g6 17.Nd5 Bxd5 18.Rxd5 a5 19.Bxd7 Qxd7 20.Kb1 Qc8 21.Nc1 a4 22.Ne2 b4
23.Rc1 Qh3 24.c4 Bf8 25.Ng1 Qe6 26.Qh2 f5 27.Qh3 Rc8 28.Ne2 Ra6 29.exf5 gxf5
30.Bd2 Rxc4 31.Rxc4 Qxd5 32.Rc8 Qd3+ 33.Ka1 a3 34.Bc1 Ng7 35.g6 Qxe2 36.gxh7+ Kxh7
37.bxa3 Be7 38.Rc7 Qd1 39.h5 bxa3 40.Rc4 Bf6  0-1

[Event "VIII Mirko Srajber Mem"]
[Site "Subotica SCG"]
[Date "2003.11.30"]
[Round "3"]
[White "Sedlak,N"]
[Black "Ilincic,Z"]
[Result "1/2-1/2"]
[WhiteElo "2543"]
[BlackElo "2564"]

1.e4 c5 2.Nf3 d6 3.d4 cxd4 4.Nxd4 Nf6 5.Nc3 a6 6.Be3 e6 7.g4 h6 8.f4 b5 9.Bg2 Bb7
10.g5 hxg5 11.fxg5 Nh5 12.g6 Qh4+ 13.Bf2 Qf6 14.gxf7+ Qxf7 15.O-O Qg6 16.Qf3 Nd7
17.Bh4 Be7 18.Qh3 Bxh4 19.Qxh4 Rh6 20.Rae1 Nhf6 21.Qg3 Qxg3 22.hxg3 Kf7 23.Nf3 Ke7
24.e5 dxe5 25.Nxe5 Bxg2 26.Kxg2 Nxe5 27.Rxe5 Rah8 28.Rfe1 Nd7 29.R5e2 Rh2+
30.Kf3 Rf8+ 31.Ke3 Rxe2+ 32.Rxe2 Ne5 33.Kd4 Nc4 34.a4 Rd8+ 35.Kc5 Nxb2 36.axb5 axb5
37.Nxb5 Na4+ 38.Kb4 Nb6 39.c4 Rd1 40.Nc3 Rd4 41.Re4 Rxe4 42.Nxe4 Kd7 43.Kb5 Nc8
44.Kc5 Ne7 45.g4 e5 46.Ng5 Ng8 47.Kd5  1/2-1/2

[Event "VIII Mirko Srajber Mem"]
[Site "Subotica SCG"]
[Date "2003.12.01"]
[Round "4"]
[White "Popovic,Du"]
[Black "Sedlak,N"]
[Result "1/2-1/2"]
[WhiteElo "2448"]
[BlackElo "2543"]

1.e4 c5 2.Nf3 d6 3.d4 cxd4 4.Nxd4 Nf6 5.Nc3 a6 6.Be3 e5 7.Nb3 Be6 8.f3 Nc6
9.Qd2 d5 10.exd5 Nxd5 11.Nxd5 Qxd5 12.Qxd5 Bxd5 13.O-O-O O-O-O 14.Bd3 g6
15.Bg5 Be7 16.Bxe7 Nxe7 17.Nd2 Nc6 18.Be4 f5 19.Bxd5 Rxd5 20.Nc4 Rxd1+ 21.Rxd1 Kc7
22.c3 Re8 23.Ne3 Ne7 24.Nc4 Nc6 25.Ne3 Ne7  1/2-1/2

[Event "ch-GRE"]
[Site "Aspropyrgos GRE"]
[Date "2003.12.03"]
[Round "5"]
[White "Mastrovasilis,D"]
[Black "Papaioannou,I"]
[Result "1/2-1/2"]
[WhiteElo "2512"]
[BlackElo "2577"]

1.e4 c5 2.Nf3 d6 3.d4 cxd4 4.Nxd4 Nf6 5.Nc3 a6 6.Be3 e6 7.Be2 Nc6 8.O-O Qc7
9.Kh1 Be7 10.f4 O-O 11.Qe1 Nxd4 12.Bxd4 b5 13.a3 Bb7 14.Qg3 Bc6 15.Rae1 Qb7
16.Bd3 b4 17.Nd1 bxa3  1/2-1/2

[Event "VIII Mirko Srajber Mem"]
[Site "Subotica SCG"]
[Date "2003.12.03"]
[Round "6"]
[White "Popovic,Du"]
[Black "Predojevic,B"]
[Result "0-1"]
[WhiteElo "2448"]
[BlackElo "2462"]

1.e4 c5 2.Nf3 d6 3.d4 cxd4 4.Nxd4 Nf6 5.Nc3 a6 6.Be3 e5 7.Nb3 Be6 8.f3 Be7
9.Qd2 O-O 10.O-O-O Qc7 11.g4 Rc8 12.Qf2 b5 13.g5 Nfd7 14.Kb1 b4 15.Nd5 Bxd5
16.Rxd5 a5 17.Bb5 a4 18.Nc1 Nc6 19.Nd3 Rcb8 20.Rc1 Nb6 21.Bxb6 Rxb6 22.Bxc6 Rxc6
23.Nxb4 Rb6 24.a3 Bxg5 25.Rcd1 Bf4 26.c3 h5 27.Qe2 Rab8 28.Ra5 Qd7 29.Ra6 Rxa6
30.Qxa6 Bxh2 31.Rh1 Bf4 32.Rxh5 Be3 33.Qe2 Bh6 34.Rh1 Re8 35.Qc4 Re6 36.Nd5 Rg6
37.Nb6 Qd8 38.Qc8 Qxc8 39.Nxc8 Kh7 40.Rd1 Rg3 41.Rf1 Rg6 42.Nb6 Rf6 43.Nd5 Re6
44.Kc2 g5 45.Ne3 Kg6 46.Kd3 Re8 47.Kc2 Rb8 48.Rd1 Bf8 49.Rd5 Kh5 50.Rd2 Kg6
51.Rh2 f6 52.Rh8 Kg7 53.Rh1 Kg6 54.Rh2 Rd8 55.Kd3 Rb8 56.Kc4 d5+ 57.Nxd5 f5
58.Kd3 f4 59.Rg2 Bd6 60.Kc4 Rh8 61.Nb6 Rh1 62.Rd2 Bf8 63.Nxa4 g4 64.fxg4 Kg5
65.Rd8 Bg7 66.Nc5 f3 67.Nd3 Rd1 68.Rg8 Kf6 69.g5+ Kf7 70.Rd8 Re1 71.Rd7+ Kg6
72.Kd5 Re3 73.Nxe5+ Bxe5 74.Kxe5 f2 75.Rd6+ Kxg5 76.Rd5 Kg4 77.Kd4 Rf3  0-1

[Event "ch-GRE w"]
[Site "Aspropyrgos GRE"]
[Date "2003.12.06"]
[Round "8"]
[White "Fakhiridou,E"]
[Black "Grapsa,G"]
[Result "1-0"]
[WhiteElo "2262"]
[BlackElo "2082"]

1.e4 c5 2.Nf3 d6 3.d4 cxd4 4.Nxd4 Nf6 5.Nc3 a6 6.Be3 e5 7.Nb3 Be6 8.f3 Nbd7
9.g4 Nb6 10.g5 Nh5 11.Qd2 Be7 12.O-O-O O-O 13.Kb1 Qc7 14.Bd3 Rac8 15.Rhg1 Nc4
16.Bxc4 Bxc4 17.Na4 Bxb3 18.axb3 d5 19.Nb6 d4 20.Nxc8 dxe3 21.Nxe7+ Qxe7
22.Qxe3 Nf4 23.Qd2 b5 24.Qd6  1-0

[Event "22nd SEA Games Team Rapid"]
[Site "Ho Chi Minh City VIE"]
[Date "2003.12.06"]
[Round "4.2"]
[White "Paragua,M"]
[Black "Dao Thien Hai"]
[Result "1-0"]
[WhiteElo "2500"]
[BlackElo "2590"]

1.e4 c5 2.Nf3 d6 3.d4 cxd4 4.Nxd4 Nf6 5.Nc3 a6 6.Be3 e5 7.Nf3 Qc7 8.a4 b6
9.Bg5 Nbd7 10.Nd2 Be7 11.Bc4 Bb7 12.O-O O-O 13.Qe2 h6 14.Bxf6 Nxf6 15.Rfd1 Rfc8
16.Bb3 Bc6 17.Nf1 Qb7 18.Nd5 b5 19.axb5 axb5 20.Rxa8 Rxa8 21.Nfe3 Nxd5 22.Bxd5 Bg5
23.Bxc6 Qxc6 24.Nd5 g6 25.g3 Kg7 26.Qd3 Ra4 27.c3 Qc5 28.Nb4 Be7 29.Kg2 Ra7
30.Qe2 Rb7 31.Ra1 Bd8 32.Ra8 Bb6 33.Nd5 f5 34.b4 Qc4 35.Qxc4 bxc4 36.Rc8 fxe4
37.Rxc4 Ba7 38.Rxe4 Kf7 39.Rc4 Bb8 40.Rc8 Ke6 41.c4 Ba7 42.Rc7 Rxc7 43.Nxc7+ Kf5
44.Nb5 Bb8 45.c5 d5 46.c6 d4 47.c7 Bxc7 48.Nxc7  1-0

[Event "22nd SEA Games Standard"]
[Site "Ho Chi Minh City VIE"]
[Date "2003.12.08"]
[Round "1"]
[White "Zaw Win Lay"]
[Black "Jiravorasuk,B"]
[Result "1/2-1/2"]
[WhiteElo "2497"]
[BlackElo "2276"]

1.e4 c5 2.Nf3 d6 3.d4 cxd4 4.Nxd4 Nf6 5.Nc3 a6 6.Be3 e6 7.a4 Nc6 8.Be2 Be7
9.O-O O-O 10.f4 Qc7 11.Nb3 b6 12.Bf3 Rb8 13.Kh1 Rd8 14.Qe2 Na5 15.Rad1 Nc4
16.Bc1 b5 17.axb5 axb5 18.Nd2 Nxd2 19.Rxd2 b4 20.Nd1 Bb7 21.Nf2 d5 22.exd5 Nxd5
23.g3 Ra8 24.Re1 Bf8 25.Ne4 Rdc8 26.Ng5 Nf6 27.Bxb7 Qxb7+ 28.Qf3 Qb5 29.Rde2 Ra1
30.Bd2 Rxe1+ 31.Bxe1 h6 32.Ne4 Nxe4 33.Qxe4 Rc4 34.Qf3 Qf5 35.Qd3 Qxd3 36.cxd3 Rc1
37.Kg2 b3 38.Kf3 g6 39.Bc3 Bg7 40.d4 Rd1 41.Ke3 h5 42.Rd2 Rg1 43.Kd3 h4 44.gxh4 Rf1
45.h5 gxh5 46.Kc4 Bh6 47.d5 Bxf4 48.Rg2+ Kh7 49.Rg7+ Kh6 50.Rxf7 exd5+ 51.Kxd5 Rd1+
52.Kc4 Bxh2  1/2-1/2

[Event "22nd SEA Games Standard"]
[Site "Ho Chi Minh City VIE"]
[Date "2003.12.09"]
[Round "3"]
[White "Hamdani,R"]
[Black "Paragua,M"]
[Result "1-0"]
[WhiteElo "2363"]
[BlackElo "2500"]

1.e4 c5 2.Nf3 d6 3.d4 cxd4 4.Nxd4 Nf6 5.Nc3 a6 6.Be3 e6 7.f3 b5 8.Qd2 Bb7
9.O-O-O Nbd7 10.g4 h6 11.a3 Ne5 12.h4 Rc8 13.Rg1 Nfd7 14.f4 Nc4 15.Bxc4 Rxc4
16.g5 Nc5 17.g6 fxg6 18.Rxg6 Kf7 19.Rdg1 Qxh4 20.b3 Rxc3 21.Qxc3 Rg8 22.Nf5 exf5
23.Bxc5 Qxf4+ 24.Be3 Qxe4 25.Bxh6 Qe5 26.Qc7+ Qe7 27.Qxe7+ Bxe7 28.Rxg7+ Rxg7
29.Rxg7+ Kf6 30.Rh7 Be4 31.Bf4 Ke6 32.Kd2 a5 33.Rh6+ Kd5 34.Rg6 Kc5 35.Re6 Bf8
36.Re8 Bg7 37.Rc8+ Kb6 38.Bxd6 Bh6+ 39.Ke2 f4 40.c4 bxc4 41.bxc4 f3+ 42.Kf2 Bg7
43.Bc5+ Kb7 44.Re8 Bd3 45.Be3 Bb2 46.Re7+ Kc6 47.Re6+ Kc7 48.c5 Bf5 49.Re7+ Kc6
50.a4 Bc2 51.Re6+ Kd5 52.Rd6+ Ke5 53.Rd2  1-0

[Event "ch-IND National A"]
[Site "Calicut IND"]
[Date "2003.12.10"]
[Round "10"]
[White "Sandipan,C"]
[Black "Sareen,V"]
[Result "1-0"]
[WhiteElo "2504"]
[BlackElo "2367"]

1.e4 c5 2.Nf3 d6 3.d4 cxd4 4.Nxd4 Nf6 5.Nc3 a6 6.Be3 e5 7.Nb3 Be6 8.f3 Be7
9.Qd2 O-O 10.O-O-O Qc7 11.g4 Rc8 12.g5 Nh5 13.Rg1 Nd7 14.Kb1 g6 15.Nd5 Bxd5
16.exd5 Bf8 17.Bh3 Re8 18.Bg4 Nf4 19.Bxf4 exf4 20.Bxd7 Qxd7 21.Qxf4 Re5 22.Nc5 Qc7
23.Ne4 Bg7 24.Nf6+ Bxf6 25.gxf6 Kh8 26.Rge1 Rc8 27.c3 Rf5 28.Qd4 Kg8 29.Re7 Qd8
30.f4 Kf8 31.Rde1 b5 32.Qa7 Rxf6 33.Rd7  1-0

[Event "22nd SEA Games Standard"]
[Site "Ho Chi Minh City VIE"]
[Date "2003.12.10"]
[Round "4"]
[White "Paragua,M"]
[Black "Wong Zi Jing"]
[Result "1/2-1/2"]
[WhiteElo "2500"]
[BlackElo "2311"]

1.e4 c5 2.Nf3 d6 3.d4 cxd4 4.Nxd4 Nf6 5.Nc3 a6 6.Be3 Ng4 7.Bg5 h6 8.Bh4 g5
9.Bg3 Bg7 10.Be2 h5 11.Bxg4 hxg4 12.Nd5 Nc6 13.Nf5 Bxf5 14.exf5 Bxb2 15.Rb1 Qa5+
16.Qd2 Bd4 17.Qxa5 Nxa5 18.O-O Rc8 19.Rfe1 Rc5 20.Nxe7 Be5 21.f6 Kd7 22.Nf5 Ke6
23.Ne3 Bxg3 24.fxg3 Kxf6 25.Nxg4+ Kg6 26.Rbd1 Nc4 27.c3 f5 28.Nf2 Rf8 29.g4 fxg4
30.Nxg4 Rf4 31.h3 Kf7 32.Nf2 Rff5 33.Rd4 b5 34.Rg4 Ne5 35.Rg3 Rd5 36.Ne4 Kg6
37.Kh2 Nd3 38.Re2 Nc5 39.Nf2 Rxf2 40.Rxf2 Ne4 41.Rff3 Nxg3 42.Kxg3 Rd2 43.a3 Ra2
44.Rd3 Rxa3 45.Rxd6+ Kf5 46.Kf2 Rxc3 47.Rxa6 b4 48.Rb6 b3 49.Ke2 Rc2+ 50.Kd1 Rxg2
51.Rxb3 Kf4 52.Ke1 Rg3 53.Rb5 Rxh3 54.Kf2 Rh2+ 55.Kg1 Rd2 56.Rb3 Rd4 57.Kf2 g4
58.Ra3 Rd2+ 59.Kf1 Kg5 60.Rc3 Kh4 61.Kg1 Rd4 62.Ra3 Kg5 63.Kg2 Kf4  1/2-1/2

[Event "22nd SEA Games Standard w"]
[Site "Ho Chi Minh City VIE"]
[Date "2003.12.10"]
[Round "4"]
[White "Lumongdong,L"]
[Black "Nguyen Thi Thanh An"]
[Result "0-1"]
[WhiteElo "2150"]
[BlackElo "2331"]

1.e4 c5 2.Nf3 d6 3.d4 cxd4 4.Nxd4 Nf6 5.Nc3 a6 6.Be3 e5 7.Nb3 Be6 8.Qd2 b5
9.f3 Nbd7 10.O-O-O Be7 11.Qf2 O-O 12.g4 b4 13.Nd5 Bxd5 14.exd5 a5 15.Kb1 a4
16.Nc1 Qa5 17.Bc4 Rfc8 18.b3 axb3 19.cxb3 Bd8 20.h4 Nb6 21.Bxb6 Bxb6 22.Qe2 Bd4
23.h5 Nxd5 24.Bxd5 Qxd5 25.g5 Qe6 26.h6 g6 27.Rh4 Qf5+ 28.Nd3 Rc3 29.Qe4 Qc8
30.Nb2 Ra5 31.f4 d5 32.Qe2 Qf5+ 33.Rd3 Rac5 34.Rh1 Rc2 35.Qxc2 Rxc2 36.Kxc2 Bxb2  0-1

[Event "22nd SEA Games Standard"]
[Site "Ho Chi Minh City VIE"]
[Date "2003.12.10"]
[Round "5"]
[White "Liu Dede"]
[Black "Jiravorasuk,B"]
[Result "1/2-1/2"]
[WhiteElo "2406"]
[BlackElo "2276"]

1.e4 c5 2.Nf3 d6 3.d4 cxd4 4.Nxd4 Nf6 5.Nc3 a6 6.Be3 e6 7.f3 b5 8.Qd2 Bb7
9.a3 Nbd7 10.g4 h6 11.O-O-O Ne5 12.h4 Rc8 13.Rg1 Nfd7 14.g5 hxg5 15.hxg5 Nb6
16.g6 Nbc4 17.gxf7+ Kxf7 18.Bxc4 Nxc4 19.Qg2 Qf6 20.Bg5 Qg6 21.f4 Kg8 22.Rd3 Re8
23.Rg3 Rh7 24.Kb1 Bxe4 25.Qf2 Bf5 26.Nf3 Qf7 27.Nh2  1/2-1/2

[Event "22nd SEA Games Standard"]
[Site "Ho Chi Minh City VIE"]
[Date "2003.12.12"]
[Round "7"]
[White "Paragua,M"]
[Black "Mas,H"]
[Result "1-0"]
[WhiteElo "2500"]
[BlackElo "2397"]

1.e4 c5 2.Nf3 d6 3.d4 cxd4 4.Nxd4 Nf6 5.Nc3 a6 6.Be3 e5 7.Nf3 Qc7 8.a4 Be6
9.a5 Nbd7 10.Be2 Rc8 11.O-O h6 12.Nd2 Be7 13.Ra4 Nc5 14.Bxc5 Qxc5 15.Nc4 Rc6
16.Ne3 Bd8 17.Ncd5 O-O 18.c3 Qa7 19.Qb3 Nd7 20.Qc2 Bg5 21.Nf5 Bxf5 22.exf5 Rc5
23.Rd1 Re8 24.Qb3 Rc6 25.Qa2 e4 26.Rad4 Re5 27.Bh5 Rxf5 28.Bg6 Re5 29.Nb4 d5
30.Bxf7+ Kxf7 31.Rxd5 Nf6 32.Nxc6  1-0

[Event "TCh-BEL 2003-4"]
[Site "Belgium BEL"]
[Date "2003.12.14"]
[Round "1"]
[White "Van den Doel,E"]
[Black "Piceu,T"]
[Result "0-1"]
[WhiteElo "2609"]
[BlackElo "2251"]

1.e4 c5 2.Nf3 d6 3.d4 cxd4 4.Nxd4 Nf6 5.Nc3 a6 6.Be3 e5 7.Nb3 Be6 8.f3 Be7
9.Qd2 O-O 10.O-O-O b5 11.g4 b4 12.Nd5 Bxd5 13.exd5 a5 14.Nc5 Nfd7 15.Ne4 Qc7
16.Bb5 Nb6 17.g5 Rc8 18.Kb1 Nc4 19.Bxc4 Qxc4 20.h4 Nd7 21.h5 a4 22.b3 Qa6
23.Qg2 Rc7 24.Rd2 Rc3 25.Nxc3 bxc3 26.Rdd1 Rc8 27.Qf1 Qa5 28.Rh4 axb3 29.axb3 Nb6
30.b4 Qa4 31.Qd3 Nxd5 32.Qxd5 Ra8 33.Qxa8+ Qxa8 34.Re4 f6 35.gxf6 gxf6 36.Rc4 Qxf3
37.Rg1+ Kf7 38.Rxc3 Qb7 39.Rb3 Qb5 40.h6 Bf8 41.Kb2 d5 42.Ra1 d4 43.Bd2 e4
44.Ra7+ Be7 45.Rba3 Qe2 46.Bf4 d3 47.Rc3 d2 48.Bd6 d1=Q 49.Rxe7+ Kg6 50.Rg7+ Kf5
51.Rc5+ Ke6 52.Bf8 Qd4+ 53.Kb3 Qf3+ 54.Ka4 Qd8 55.Rc6+ Kf5 56.Be7 Qa8+ 57.Kb5 Qxc6+
58.Kxc6 e3+  0-1

[Event "II Open"]
[Site "San Salvador ESA"]
[Date "2003.12.14"]
[Round "9"]
[White "Nedev,T"]
[Black "Leyva,H"]
[Result "1-0"]
[WhiteElo "2480"]
[BlackElo "2400"]

1.e4 c5 2.Nf3 d6 3.d4 cxd4 4.Nxd4 Nf6 5.Nc3 a6 6.Be3 e5 7.Nb3 Be7 8.f3 Be6
9.Qd2 O-O 10.O-O-O b5 11.Kb1 b4 12.Nd5 Bxd5 13.exd5 a5 14.g4 a4 15.Nc1 Qa5
16.g5 Nfd7 17.h4 Na6 18.h5 Nc7 19.Rh4 Rfb8 20.Rc4 Rb7 21.Bh3 Nb6 22.Bxb6 Qxb6
23.Bf5 Nb5 24.Rxb4 a3 25.c4 axb2 26.Kxb2 Nd4 27.Rxb6 Rxb6+ 28.Nb3 Nxf5 29.f4 Rba6
30.Ra1 exf4 31.Qxf4 g6 32.a4 Bf8 33.h6 Rxa4 34.Rxa4 Rxa4 35.Nd2 Be7 36.Kb3 Ra8
37.Ne4 Rb8+ 38.Kc3 Rd8 39.Kb4 Rb8+ 40.Ka5 Rf8 41.c5 f6 42.gxf6 Bxf6 43.Nxf6+ Rxf6
44.c6 Rf7 45.Qe4 Kf8 46.Qe6 Re7  1-0

[Event "ch-IND National A"]
[Site "Calicut IND"]
[Date "2003.12.17"]
[Round "20"]
[White "Sandipan,C"]
[Black "Suvrajit,S"]
[Result "1-0"]
[WhiteElo "2504"]
[BlackElo "2387"]

1.e4 c5 2.Nf3 d6 3.d4 cxd4 4.Nxd4 Nf6 5.Nc3 a6 6.Be3 e5 7.Nf3 Be7 8.Bc4 O-O
9.O-O Be6 10.Bb3 Nc6 11.Qe2 b5 12.Rad1 Qc7 13.h3 h6 14.Nh4 Bxb3 15.cxb3 Rfd8
16.Nf5 Kh7 17.Nd5 Nxd5 18.exd5 Na7 19.Rc1 Qd7 20.Nxe7 Qxe7 21.Rc3 Rac8 22.Rfc1 g6
23.Qd2 Rxc3 24.Rxc3 h5 25.Bg5 f6 26.Bxf6 Qxf6 27.Rc7+ Kg8 28.Rxa7 Rf8 29.Rxa6 g5
30.Rb6 g4 31.hxg4 hxg4 32.g3 Qg6 33.Rc6 Kg7 34.Qc2 Qh6 35.Rc7+ Kg8 36.Rc8 Rxc8
37.Qxc8+ Kf7 38.Qxg4 Qc1+ 39.Kg2 Qxb2 40.Qd7+ Kg8 41.Qxd6 Qd4 42.Qg6+ Kf8
43.d6 Qd5+ 44.Kh2 e4 45.Qf6+ Kg8 46.Qd8+ Kg7 47.Qe7+ Kg6 48.Qe8+ Kg7 49.d7 Qf5
50.Qe7+ Kg6 51.Qd6+ Kh7 52.Qd2 Qh5+ 53.Kg1 e3 54.fxe3 Qf3 55.Qh2+ Kg7 56.d8=Q Qxe3+
57.Qf2 Qc1+ 58.Kh2  1-0

[Event "ch-IND National A"]
[Site "Calicut IND"]
[Date "2003.12.18"]
[Round "21"]
[White "Satyapragyan,S"]
[Black "Srinivasa Rao,M"]
[Result "0-1"]
[WhiteElo "2415"]
[BlackElo "2329"]

1.e4 c5 2.Nf3 d6 3.d4 cxd4 4.Nxd4 Nf6 5.Nc3 a6 6.Be3 e5 7.Nf3 h6 8.Bc4 Be6
9.Qe2 Bxc4 10.Qxc4 Nbd7 11.O-O Rc8 12.Qb3 Qc7 13.a4 Be7 14.a5 O-O 15.Nh4 Nc5
16.Bxc5 dxc5 17.Qc4 Rfd8 18.Nf5 Bf8 19.Qe2 Qc6 20.Qf3 Rd2 21.Ne3 Rd4 22.Nf5 Rd2
23.Rac1 Kh8 24.Rfd1 Rcd8 25.Rxd2 Rxd2 26.h3 c4 27.Kh1 Bb4 28.Qg3 Nh5 29.Qxe5 Qf6
30.Qe8+ Kh7 31.Rf1 g6 32.Ne3 Bxc3 33.bxc3 Rxf2 34.Kg1 Rxf1+ 35.Nxf1 Nf4 36.Ng3 Kg7
37.e5 Qg5 38.Kf2 Ne6 39.Ne2 Qxe5 40.Qc8 Qf5+ 41.Ke1 Qe4 42.Kd2 Qxg2 43.Qxc4 Qg5+
44.Ke1 Qxa5 45.Qe4 Qc7 46.c4 a5 47.Kd1 Qd6+ 48.Kc1 Qa3+ 49.Kd2 Qxh3 50.Qxb7 Qg4
51.Qb2+ Kh7 52.Qb7 Qf5 53.Nc3 Qf4+ 54.Ke1 Qe3+ 55.Ne2 Ng5 56.c5 Qxc5 57.Kf1 Qf5+
58.Ke1 Qxc2 59.Kf2 Qc5+ 60.Kg2 Qe3 61.Ng3 a4 62.Kh2 Qf2+ 63.Kh1 Qf3+  0-1

[Event "Christmas Open"]
[Site "Zadar CRO"]
[Date "2003.12.18"]
[Round "6"]
[White "Kutuzovic,B"]
[Black "Fercec,N"]
[Result "1-0"]
[WhiteElo "2388"]
[BlackElo "2444"]

1.e4 c5 2.Nf3 d6 3.d4 cxd4 4.Nxd4 Nf6 5.Nc3 a6 6.Be3 e5 7.Nb3 Be6 8.f4 exf4
9.Bxf4 Nc6 10.Qe2 Be7 11.h3 O-O 12.O-O-O Qc7 13.g4 Rac8 14.Kb1 Ne5 15.g5 Nfd7
16.Nd5 Bxd5 17.exd5 Rfe8 18.Qg2 Bf8 19.h4 g6 20.h5 Bg7 21.hxg6 hxg6 22.c3 b5
23.Qh3 b4 24.c4 Re7 25.Rc1 Nc5 26.Nxc5 Qxc5 27.Be3 Qc7 28.Bd4 a5 29.c5 Rd8
30.cxd6 Qxd6 31.Bc5 Qxd5 32.Bxe7  1-0

[Event "ch-Arab m"]
[Site "Cairo EGY"]
[Date "2003.12.20"]
[Round "1"]
[White "Abdelnabbi,I"]
[Black "Al Zendani,Z"]
[Result "1/2-1/2"]
[WhiteElo "2484"]
[BlackElo "2309"]

1.e4 c5 2.Nf3 d6 3.d4 cxd4 4.Nxd4 Nf6 5.Nc3 a6 6.Be3 Ng4 7.Bg5 h6 8.Bh4 g5
9.Bg3 Bg7 10.h3 Nf6 11.Bc4 O-O 12.O-O Nxe4 13.Nxe4 d5 14.Nxg5 dxc4 15.Ngf3 Qb6
16.b3 c3 17.Ne2 Nc6 18.Bf4 Rd8 19.Qc1 Nb4 20.a3 Nd5 21.Ng3 Nxf4 22.Qxf4 Qg6
23.Rac1 Qd6 24.Qe3 Qe6 25.Qf4 Qd6 26.Qe3 Qe6 27.Qf4 Qd6  1/2-1/2

[Event "Open"]
[Site "Pamplona ESP"]
[Date "2003.12.21"]
[Round "2"]
[White "Perez,Rod"]
[Black "Martinez Zazo,J"]
[Result "1-0"]
[WhiteElo "2449"]
[BlackElo "1809"]

1.e4 c5 2.Nf3 d6 3.d4 cxd4 4.Nxd4 Nf6 5.Nc3 a6 6.Be3 e5 7.Nb3 Be6 8.f3 Nbd7
9.g4 Nc5 10.g5 Nfd7 11.Qd2 Qc7 12.O-O-O Nxb3+ 13.cxb3 Qa5 14.Kb1 Be7 15.h4 Nc5
16.Bc4 Bxc4 17.bxc4 Ne6 18.Rc1 Rc8 19.b3 Rc6 20.Rhd1 O-O 21.Nd5 Qd8 22.f4 exf4
23.Bxf4 Nxf4 24.Qxf4 f6 25.Qg4 Re8 26.g6 h6 27.Qe6+ Kh8 28.Qf7 a5 29.Rc2 b6
30.h5 Bf8 31.Nxf6 Re7 32.Qg8+  1-0

[Event "TCh-BEL 2003-4"]
[Site "Belgium BEL"]
[Date "2003.12.23"]
[Round "5"]
[White "Van der Weide,K"]
[Black "Naiditsch,A"]
[Result "0-1"]
[WhiteElo "2427"]
[BlackElo "2578"]

1.e4 c5 2.Nf3 d6 3.d4 cxd4 4.Nxd4 Nf6 5.Nc3 a6 6.Be3 e5 7.Nde2 Be6 8.f4 Nbd7
9.f5 Bc4 10.Ng3 Rc8 11.Bxc4 Rxc4 12.Qd3 Qc7 13.O-O Be7 14.Rac1 O-O 15.Nd5 Nxd5
16.exd5 Nf6 17.c3 Rc8 18.Rfd1 Qd7 19.a3 Qb5 20.Rc2 h6 21.Re2 Qb3 22.Qc2 Qb5
23.Qd3 Bd8 24.Kh1 Qb3 25.Qc2 Qxc2 26.Rxc2 a5 27.h3 b5 28.Re2 b4 29.cxb4 axb4
30.Rd3 bxa3 31.bxa3 Rc3 32.Red2 Ba5 33.Rd1 e4 34.Rxc3 Rxc3 35.Bf4 Rd3 36.Rb1 Rxd5
37.Rb8+ Kh7 38.Rb7 Bd2 39.Bxd2 Rxd2 40.Rxf7 d5 41.Re7 h5 42.Kg1 h4 43.Nf1 Rd1
44.Kf2 d4 45.Ke2 Ra1 46.Nd2 Rxa3  0-1

[Event "Open"]
[Site "Pamplona ESP"]
[Date "2003.12.25"]
[Round "6"]
[White "Perez,Rod"]
[Black "Lopez Gracia,F"]
[Result "1/2-1/2"]
[WhiteElo "2449"]
[BlackElo "2360"]

1.e4 c5 2.Nf3 d6 3.d4 cxd4 4.Nxd4 Nf6 5.Nc3 a6 6.Be3 e5 7.Nb3 Be6 8.f3 Be7
9.Qd2 O-O 10.O-O-O Qc7 11.Kb1 d5 12.exd5 Nxd5 13.Nxd5 Bxd5 14.Qa5 Qxa5 15.Nxa5 Rd8
16.Nc4 Nc6 17.Bb6 Rd7 18.Bd3 Be6 19.Rhe1 f6 20.a3 Kf7 21.Rd2 Rc8 22.Be3 Rdd8
23.Nb6 Rb8 24.f4 g6 25.Red1 Bg4 26.Rf1 Be6 27.Rfd1 Bg4 28.Rf1 Be6 29.Rfd1  1/2-1/2

[Event "Open"]
[Site "Pamplona ESP"]
[Date "2003.12.26"]
[Round "7"]
[White "Cheparinov,I"]
[Black "Cortes Bueno,JJ"]
[Result "1-0"]
[WhiteElo "2531"]
[BlackElo "2275"]

1.e4 c5 2.Nf3 d6 3.d4 cxd4 4.Nxd4 Nf6 5.Nc3 a6 6.Be3 e6 7.g4 Nc6 8.g5 Nd7
9.Qd2 Be7 10.h4 Nde5 11.O-O-O O-O 12.f4 Nxd4 13.Qxd4 Nc6 14.Qd2 b5 15.Kb1 Bb7
16.h5 b4 17.Na4 Rc8 18.g6 fxg6 19.hxg6 h6 20.Nb6 Rc7 21.Bc4 Rf6 22.Rdg1 Qe8
23.Nd5 exd5 24.Qxd5+  1-0

[Event "12th Donau Open"]
[Site "Aschach GER"]
[Date "2003.12.27"]
[Round "2"]
[White "Butunoi,A"]
[Black "Lang,C"]
[Result "0-1"]
[WhiteElo "2380"]
[BlackElo "2124"]

1.e4 c5 2.Nf3 d6 3.d4 cxd4 4.Nxd4 Nf6 5.Nc3 a6 6.Be3 e6 7.Qd2 Be7 8.f3 Qc7
9.g4 Nc6 10.O-O-O Nd7 11.h4 Nce5 12.g5 Nb6 13.f4 Nec4 14.Bxc4 Nxc4 15.Qe2 Bd7
16.Kb1 Rc8 17.Bc1 b5 18.Rd3 b4 19.Nd1 Qb7 20.Nf2 a5 21.h5 Rf8 22.Rg3 Qb6
23.Rd1 e5 24.Nf5 g6 25.Ng7+ Kd8 26.f5 Rg8 27.h6 Qb5 28.Nd3 Kc7 29.f6 Bd8
30.b3 Nb6 31.Qd2 Kb7 32.Nb2 Rc6 33.c4 bxc3 34.Rxc3 Bc7 35.Rd3 Rc8 36.a4 Qc5
37.Qg2 Bb8 38.Ka2 Qc2 39.Bd2 Rc3 40.Bxc3 Qxg2 41.R1d2 Qxe4 42.Bxa5 Rc1 43.Bxb6 Kxb6
44.Nc4+ Kc5 45.Ne3 Qh1 46.Kb2 Rb1+ 47.Kc3 Qc1+ 48.Rc2 Qe1+ 49.Rcd2 Bc7 50.Nc2 Qe4
51.b4+ Kb6 52.a5+ Kb7 53.Rd1 Rxd1 54.Rxd1 d5 55.Na3 Bd6 56.Nc2 Ba4 57.Rd2 d4+
58.Kb2 d3 59.Ne8 Bxe8  0-1

[Event "24th Open"]
[Site "Bethune FRA"]
[Date "2003.12.27"]
[Round "3"]
[White "Voicu,C"]
[Black "Van der Stricht,G"]
[Result "0-1"]
[WhiteElo "2228"]
[BlackElo "2468"]

1.e4 c5 2.Nf3 d6 3.d4 cxd4 4.Nxd4 Nf6 5.Nc3 a6 6.Be3 Ng4 7.Bg5 h6 8.Bh4 g5
9.Bg3 Bg7 10.h3 Nf6 11.f3 Nc6 12.Bf2 d5 13.exd5 Nxd5 14.Nxd5 Qxd5 15.Nxc6 Qxc6
16.Bd4 e5 17.Bc3 Bf5 18.Bd3 Rd8 19.Qe2 Bxd3 20.cxd3 O-O 21.Qe4 Qd5 22.Qxd5 Rxd5
23.Ke2 Rfd8 24.Rad1 Bf6 25.Rd2 Kg7 26.Rhd1 Kg6 27.g4 h5 28.Kf2 Be7 29.d4 exd4
30.Bxd4 Bc5 31.Ke3 Rxd4 32.Rxd4 f5 33.Rd3 h4 34.b4 Bb6 35.a4 Kf6  0-1

[Event "Open"]
[Site "Pamplona ESP"]
[Date "2003.12.28"]
[Round "9"]
[White "Cheparinov,I"]
[Black "Borovikov,V"]
[Result "1/2-1/2"]
[WhiteElo "2531"]
[BlackElo "2571"]

1.e4 c5 2.Nf3 d6 3.d4 cxd4 4.Nxd4 Nf6 5.Nc3 a6 6.Be3 e5 7.Nb3 Be6 8.f3 h5
9.Qd2 Nbd7 10.O-O-O Be7 11.Kb1 Qc7 12.h3 h4 13.f4 b5 14.Bd3 Nb6 15.Bxb6 Qxb6
16.Rhe1 O-O 17.Nd5 Nxd5 18.exd5 Bxd5 19.fxe5 dxe5 20.Rxe5 Be6 21.Rf1 Rfd8
22.Qe2 Bf6 23.Re4 Rac8 24.Ref4 Bg5 25.Re4 Bf6 26.Ref4 Bg5 27.Re4  1/2-1/2